书目信息 |
| 题名: |
中国史学名著题解
|
|
| 作者: | 张舜徽 主编 | |
| 分册: | ||
| 出版信息: | 北京 中国青年出版社 1984 |
|
| 页数: | 478页 | |
| 开本: | 20cm | |
| 丛书名: | ||
| 单 册: | ||
| 中图分类: | K06 | |
| 科图分类: | ||
| 主题词: | 历史--研究 | |
| 电子资源: | ||
| ISBN: | ||
| 000 | 00516nam0 2200193 45 | |
| 001 | 0312221749 | |
| 005 | 20070729172825.51 | |
| 010 | @dCNY1.30 | |
| 091 | @a11009.129 | |
| 100 | @a20031222d1984 km y0chiy0120 ea | |
| 101 | @achi | |
| 200 | 1 | @a中国史学名著题解@AZhong Guo Shi Xue Ming Zhu Ti Jie@f张舜徽主编@FZhangShun Hui Zhu Bian |
| 210 | @a北京@c中国青年出版社@d1984 | |
| 215 | @a478页@d20cm | |
| 606 | 0 | @a历史@x研究 |
| 690 | @aK06@v3 | |
| 701 | 0 | @a张舜徽@4主编 |
| 801 | @aCN@bTSTCL@c20070729 | |
| 905 | @dK06@e10 | |
| 中国史学名著题解/张舜徽主编.-北京:中国青年出版社,1984 |
| 478页;20cm |
| ISBN :CNY1.30 |
| ● |
| 相关链接 |
|
|
|
|
正题名:中国史学名著题解
索取号:K06/10
 
预约/预借
| 序号 | 登录号 | 条形码 | 馆藏地/架位号 | 状态 | 备注 |
| 1 | 0118869 | 001419147 | 第二借阅区/ [索取号:K06/10] | 在馆 | |
| 2 | 0118870 | 001419138 | 密集书库/ [索取号:K06/10] | 在馆 | |
| 3 | 0118871 | 202354512 | 密集书库/ [索取号:K06/10] | 在馆 | |
| 4 | 0118872 | 001992776 | 密集书库/ [索取号:K06/10] | 在馆 | |
| 5 | 0118873 | 202392366 | 第二样本阅览室/ [索取号:K06/10] | 在馆 | |
| 6 | 0787426 | 207874264 | 密集书库/ [索取号:K06/10] | 在馆 | |
| 7 | 1188000 | 1419138 | 第二借阅区/ [索取号:K06/10] | 在馆 |